International Financial Statistics Yearbook 2003

Salvato in:
Dettagli Bibliografici
Natura: Libro
Lingua:inglese
Pubblicazione: Washington, D.C. International Monetary Fund 2003
Soggetti:
Tags: Aggiungi Tag
Nessun Tag, puoi essere il primo ad aggiungerne!!

MARC

LEADER 00000nam$a2200000$$$4500
001 0003372
005 20260105082434.8
020 |a 1-58906-266-3 
022 |a 0250-7463 
041 0 |a eng 
044 |a US 
245 1 0 |a International Financial Statistics Yearbook 2003 
264 1 |a Washington, D.C.  |b International Monetary Fund  |c 2003 
300 |a 624 s. 
610 2 0 |a financie medzinárodné 
610 2 0 |a kurz výmenný 
610 2 0 |a rezervy finančné 
610 2 0 |a štatistika finančná